[Event "PK Jeugd 2020 C-Open"]
[Site "Eindhoven, Netherlands"]
[Date "????.??.??"]
[Round "2.4"]
[White "Thijssen, Freek"]
[Black "Bötticher, Donald"]
[Result "0-1"]
[WhiteElo "784"]
[BlackElo "1076"]

1. e4 {[%emt 00:00:48]} c5 {[%emt 00:00:02]} 2. Nf3 {[%emt 00:00:01]} e6 {[%emt
00:00:10]} 3. Nc3 {[%emt 00:00:22]} d5 {[%emt 00:00:07]} 4. Bb5+ {[%emt
00:00:18]} Bd7 {[%emt 00:00:18]} 5. Bxd7+ {[%emt 00:00:18]} Qxd7 {[%emt
00:00:12]} 6. d3 {[%emt 00:00:07]} d4 {[%emt 00:01:15]} 7. Ne2 {[%emt
00:00:09]} Nc6 {[%emt 00:00:11]} 8. c3 {[%emt 00:00:05]} Nf6 {[%emt 00:00:14]}
9. O-O {[%emt 00:00:27]} e5 {[%emt 00:00:08]} 10. Ng3 {[%emt 00:00:25]} h5
{[%emt 00:00:53]} 11. h3 {[%emt 00:00:24]} h4 {[%emt 00:00:07]} 12. Ne2 {[%emt
00:00:11]} g5 {[%emt 00:01:09]} 13. Bxg5 {[%emt 00:00:24]} Be7 {[%emt
00:03:11]} 14. cxd4 {[%emt 00:00:43]} exd4 {[%emt 00:01:05]} 15. Qb3 {[%emt
00:00:21]} O-O-O {[%emt 00:00:15]} 16. a4 {[%emt 00:00:13]} Rdg8 {[%emt
00:01:18]} 17. a5 {[%emt 00:01:06]} a6 {[%emt 00:00:06]} 18. Qc4 {[%emt
00:00:23]} Ne8 {[%emt 00:00:37]} 19. Qc1 {[%emt 00:00:24]} Bxg5 {[%emt
00:00:17]} 20. Nxg5 {[%emt 00:00:04]} f6 {[%emt 00:00:35]} 21. Nf3 {[%emt
00:00:54]} Qxh3 {[%emt 00:00:29]} 22. Ne1 {[%emt 00:00:12]} Qd7 {[%emt
00:00:13]} 23. Qxc5 {[%emt 00:00:19]} h3 {[%emt 00:00:18]} 24. g3 {[%emt
00:00:19]} Rg5 {[%emt 00:01:32]} 25. Qb6 {[%emt 00:00:19]} Rb5 {[%emt
00:00:11]} 26. Qxb5 {[%emt 00:00:14]} axb5 {[%emt 00:00:06]} 27. a6 {[%emt
00:00:13]} bxa6 {[%emt 00:00:14]} 28. Rxa6 Nc7 {[%emt 00:00:13]} 29. Rb6 {[%emt
00:00:07]} f5 {[%emt 00:01:34]} 30. exf5 {[%emt 00:00:53]} Qxf5 {[%emt
00:00:09]} 31. Rxc6 {[%emt 00:00:09]} h2+ {[%emt 00:00:15]} 32. Kh1 {[%emt
00:00:08]} Qd5+ {[%emt 00:00:04]} 33. f3 {[%emt 00:00:12]} Qxc6 {[%emt
00:00:10]} 34. Nxd4 Qc1 {[%emt 00:02:14]} 0-1

[Event "PK Jeugd 2020 C-Open"]
[Site "Eindhoven, Netherlands"]
[Date "????.??.??"]
[Round "3.1"]
[White "Bötticher, Donald"]
[Black "Prevoo, Joshua"]
[Result "1-0"]
[WhiteElo "1076"]
[BlackElo "1233"]

1. e4 {[%clk 00:55:17]} {[%emt 00:00:02]} d5 {[%emt 00:00:04]} 2. e5 {[%clk
00:55:24]} {[%emt 00:00:03]} Nc6 {[%clk 00:55:21]} {[%emt 00:00:06]} 3. d4
{[%clk 00:55:27]} {[%emt 00:00:07]} Bf5 {[%clk 00:55:17]} {[%emt 00:00:13]} 4.
Nc3 {[%clk 00:55:00]} {[%emt 00:00:38]} e6 {[%clk 00:55:16]} {[%emt 00:00:10]}
5. Bb5 {[%clk 00:54:54]} {[%emt 00:00:17]} Nge7 {[%clk 00:55:02]} {[%emt
00:00:24]} 6. Nge2 {[%clk 00:53:56]} {[%emt 00:01:07]} a6 {[%clk 00:54:38]}
{[%emt 00:00:35]} 7. Ba4 {[%clk 00:53:54]} {[%emt 00:00:13]} b5 {[%clk
00:54:13]} {[%emt 00:00:34]} 8. Bb3 {[%clk 00:54:00]} {[%emt 00:00:04]} Na5
{[%clk 00:54:02]} {[%emt 00:00:21]} 9. a4 {[%clk 00:52:36]} {[%emt 00:01:34]}
Nxb3 {[%clk 00:54:03]} {[%emt 00:00:08]} 10. cxb3 {[%clk 00:52:38]} {[%emt
00:00:08]} c6 {[%clk 00:53:35]} {[%emt 00:00:38]} 11. b4 {[%clk 00:52:29]}
{[%emt 00:00:19]} h6 {[%clk 00:52:47]} {[%emt 00:00:57]} 12. a5 {[%clk
00:52:16]} {[%emt 00:00:25]} Ng6 {[%clk 00:50:41]} {[%emt 00:02:15]} 13. h3
{[%clk 00:51:49]} {[%emt 00:00:37]} Bxb4 {[%clk 00:49:54]} {[%emt 00:00:57]} 14.
g4 {[%clk 00:51:45]} {[%emt 00:00:13]} Be4 {[%clk 00:49:48]} {[%emt 00:00:16]}
15. Rf1 {[%clk 00:51:34]} {[%emt 00:00:21]} Bf3 {[%clk 00:48:32]} {[%emt
00:01:27]} 16. Qc2 {[%clk 00:50:45]} {[%emt 00:00:58]} Bxe2 {[%clk 00:48:20]}
{[%emt 00:00:22]} 17. Kxe2 {[%clk 00:50:46]} {[%emt 00:00:09]} O-O {[%clk
00:47:52]} {[%emt 00:00:39]} 18. f4 {[%clk 00:50:01]} {[%emt 00:00:55]} Bxa5
{[%clk 00:46:49]} {[%emt 00:01:13]} 19. f5 {[%clk 00:50:03]} {[%emt 00:00:08]}
exf5 {[%clk 00:43:25]} {[%emt 00:03:34]} 20. gxf5 {[%clk 00:47:52]} {[%emt
00:02:21]} Bxc3 {[%clk 00:43:15]} {[%emt 00:00:20]} 21. bxc3 {[%clk 00:46:43]}
{[%emt 00:01:19]} Nh8 {[%clk 00:41:42]} {[%emt 00:01:42]} 22. f6 {[%clk
00:46:43]} {[%emt 00:00:10]} gxf6 {[%clk 00:41:23]} {[%emt 00:00:29]} 23. exf6
{[%clk 00:46:48]} {[%emt 00:00:06]} Re8+ {[%clk 00:40:59]} {[%emt 00:00:34]} 24.
Kd1 {[%clk 00:46:52]} {[%emt 00:00:06]} Ng6 {[%clk 00:40:22]} {[%emt 00:00:47]}
25. h4 {[%clk 00:46:15]} {[%emt 00:00:47]} Nxh4 {[%clk 00:38:19]} {[%emt
00:02:13]} 26. Rg1+ {[%clk 00:46:19]} {[%emt 00:00:05]} Ng6 {[%clk 00:38:10]}
{[%emt 00:00:20]} 27. Rxg6+ {[%clk 00:46:16]} {[%emt 00:00:14]} Kf8 {[%clk
00:37:42]} {[%emt 00:00:37]} 28. Bxh6# {[%clk 00:46:14]} {[%emt 00:00:12]} 1-0

[Event "PK Jeugd 2020 C-Open"]
[Site "Eindhoven, Netherlands"]
[Date "????.??.??"]
[Round "3.2"]
[White "Ponomarev, Ivan"]
[Black "Thijssen, Freek"]
[Result "1-0"]
[WhiteElo "1617"]
[BlackElo "784"]

1. e4 {[%clk 00:55:19]} e5 {[%clk 00:55:19]} {[%emt 00:00:01]} 2. Nf3 {[%clk
00:55:27]} {[%emt 00:00:02]} Nc6 {[%clk 00:55:09]} {[%emt 00:00:20]} 3. d4
{[%clk 00:55:27]} {[%emt 00:00:10]} exd4 {[%clk 00:55:07]} {[%emt 00:00:12]} 4.
Nxd4 {[%clk 00:55:30]} {[%emt 00:00:07]} Bc5 {[%clk 00:55:10]} {[%emt
00:00:07]} 5. Be3 {[%clk 00:55:36]} {[%emt 00:00:04]} Nxd4 {[%clk 00:54:46]}
{[%emt 00:00:35]} 6. Bxd4 {[%clk 00:55:27]} {[%emt 00:00:18]} Bxd4 {[%emt
00:00:12]} 7. Qxd4 {[%clk 00:55:24]} {[%emt 00:00:12]} Qf6 {[%clk 00:54:49]}
{[%emt 00:00:06]} 8. e5 {[%clk 00:49:42]} {[%emt 00:05:53]} Qe6 {[%clk
00:54:41]} {[%emt 00:00:17]} 9. Bc4 {[%clk 00:46:31]} {[%emt 00:03:21]} Qg6
{[%clk 00:53:52]} {[%emt 00:00:58]} 10. O-O {[%clk 00:32:17]} {[%emt 00:14:26]}
Ne7 {[%clk 00:53:38]} {[%emt 00:00:23]} 11. Bb3 {[%clk 00:21:08]} {[%emt
00:11:20]} b6 {[%clk 00:53:17]} {[%emt 00:00:31]} 12. Nc3 {[%clk 00:13:59]}
{[%emt 00:07:19]} Bb7 {[%clk 00:53:02]} {[%emt 00:00:24]} 13. f3 {[%clk
00:11:36]} {[%emt 00:02:34]} Nf5 {[%clk 00:52:51]} {[%emt 00:00:21]} 14. Qd2
{[%clk 00:11:13]} {[%emt 00:00:30]} d6 {[%clk 00:52:35]} {[%emt 00:00:27]} 15.
exd6 {[%clk 00:09:52]} {[%emt 00:01:32]} cxd6 {[%clk 00:52:21]} {[%emt
00:00:24]} 16. Rae1+ {[%clk 00:08:39]} {[%emt 00:01:23]} Kf8 {[%clk 00:52:07]}
{[%emt 00:00:24]} 17. Bd5 {[%clk 00:06:56]} {[%emt 00:01:51]} Bxd5 {[%emt
00:00:35]} 18. Qxd5 {[%emt 00:00:32]} Rc8 {[%clk 00:51:02]} {[%emt 00:00:26]}
19. Qb7 {[%clk 00:05:41]} {[%emt 00:01:29]} Rd8 {[%clk 00:50:32]} {[%emt
00:00:39]} 20. Qxa7 {[%clk 00:04:20]} {[%emt 00:01:32]} b5 {[%clk 00:50:23]}
{[%emt 00:00:19]} 21. Nxb5 {[%clk 00:02:39]} {[%emt 00:01:50]} Qg5 {[%clk
00:50:09]} {[%emt 00:00:25]} 22. f4 {[%clk 00:01:09]} {[%emt 00:01:41]} Qh4
{[%clk 00:49:45]} {[%emt 00:00:32]} 23. Nd4 {[%clk 00:00:36]} {[%emt 00:00:44]}
g6 {[%clk 00:49:35]} {[%emt 00:00:21]} 24. Nxf5 {[%clk 00:00:26]} {[%emt
00:00:19]} gxf5 {[%clk 00:49:19]} {[%emt 00:00:26]} 25. Qf2 {[%clk 00:00:27]}
{[%emt 00:00:09]} Qg4 {[%clk 00:49:08]} {[%emt 00:00:20]} 26. Qe2 {[%clk
00:00:30]} {[%emt 00:00:07]} Qh4 {[%clk 00:49:04]} {[%emt 00:00:15]} 27. Qf2
{[%clk 00:00:17]} {[%emt 00:00:23]} Qg4 {[%clk 00:48:58]} {[%emt 00:00:16]} 28.
Re3 {[%clk 00:00:22]} {[%emt 00:00:05]} Rg8 {[%clk 00:49:00]} {[%emt 00:00:09]}
29. Rg3 {[%clk 00:00:25]} {[%emt 00:00:07]} Qh5 {[%clk 00:49:05]} {[%emt
00:00:04]} 30. Rxg8+ {[%clk 00:00:32]} {[%emt 00:00:03]} Kxg8 {[%clk 00:49:07]}
{[%emt 00:00:08]} 31. Qg3+ {[%clk 00:00:34]} {[%emt 00:00:08]} Kh8 {[%clk
00:48:56]} {[%emt 00:00:21]} 32. Qg5 {[%clk 00:00:29]} {[%emt 00:00:15]} Qxg5
{[%clk 00:48:41]} {[%emt 00:00:24]} 33. fxg5 {[%clk 00:00:38]} {[%emt
00:00:02]} Kg7 {[%clk 00:48:38]} {[%emt 00:00:13]} 34. Rxf5 {[%clk 00:00:32]}
{[%emt 00:00:17]} Rb8 {[%clk 00:48:30]} {[%emt 00:00:18]} 35. b3 {[%clk
00:00:35]} {[%emt 00:00:06]} Rc8 {[%clk 00:48:32]} {[%emt 00:00:08]} 36. c4
{[%clk 00:00:28]} {[%emt 00:00:17]} Ra8 {[%clk 00:48:34]} {[%emt 00:00:08]} 37.
Rf2 {[%clk 00:00:21]} {[%emt 00:00:16]} Kf8 {[%clk 00:48:24]} {[%emt 00:00:20]}
38. Rb2 {[%clk 00:00:29]} {[%emt 00:00:03]} Ke7 {[%clk 00:48:21]} {[%emt
00:00:13]} 39. Kf2 {[%clk 00:00:34]} {[%emt 00:00:05]} f6 {[%clk 00:48:08]}
{[%emt 00:00:23]} 40. gxf6+ {[%clk 00:00:42]} {[%emt 00:00:01]} Kxf6 {[%clk
00:48:04]} {[%emt 00:00:14]} 41. b4 {[%clk 00:00:40]} {[%emt 00:00:12]} Ke5
{[%clk 00:47:58]} {[%emt 00:00:16]} 42. Ke3 {[%clk 00:00:48]} {[%emt 00:00:03]}
Ra3+ {[%clk 00:47:36]} {[%emt 00:00:31]} 43. Kd2 {[%clk 00:00:35]} {[%emt
00:00:23]} Kd4 {[%clk 00:47:31]} {[%emt 00:00:15]} 44. b5 {[%clk 00:00:31]}
{[%emt 00:00:14]} Kxc4 {[%clk 00:47:24]} {[%emt 00:00:17]} 45. b6 {[%clk
00:00:32]} {[%emt 00:00:10]} Ra8 {[%clk 00:47:26]} {[%emt 00:00:08]} 46. b7
{[%clk 00:00:38]} {[%emt 00:00:04]} Rb8 {[%clk 00:47:28]} {[%emt 00:00:07]} 47.
a4 {[%clk 00:00:47]} {[%emt 00:00:01]} Kc5 {[%clk 00:46:58]} {[%emt 00:00:40]}
48. a5 {[%clk 00:00:54]} {[%emt 00:00:03]} Kc6 {[%clk 00:46:43]} {[%emt
00:00:25]} 49. a6 {[%clk 00:01:03]} {[%emt 00:00:02]} h5 {[%clk 00:46:27]}
{[%emt 00:00:25]} 50. a7 {[%clk 00:01:11]} {[%emt 00:00:02]} Rxb7 {[%clk
00:46:05]} {[%emt 00:00:32]} 51. a8=Q {[%clk 00:01:19]} {[%emt 00:00:03]} 1-0

[Event "PK Jeugd 2020 C-Open"]
[Site "Eindhoven, Netherlands"]
[Date "????.??.??"]
[Round "3.3"]
[White "Kazarjan, Gachatur"]
[Black "Kurt, Sascha"]
[Result "1-0"]
[WhiteElo "1600"]
[BlackElo "948"]

1. e4 {[%clk 00:55:19]} {[%emt 00:01:49]} e5 {[%clk 00:55:17]} {[%emt
00:00:05]} 2. Nf3 {[%clk 00:55:24]} {[%emt 00:00:04]} Nc6 {[%clk 00:55:23]}
{[%emt 00:00:04]} 3. d4 {[%clk 00:55:30]} {[%emt 00:00:05]} exd4 {[%clk
00:55:23]} {[%emt 00:00:10]} 4. Nxd4 {[%clk 00:55:36]} {[%emt 00:00:04]} Nf6
{[%clk 00:55:12]} {[%emt 00:00:20]} 5. Nc3 {[%clk 00:55:40]} {[%emt 00:00:07]}
Bc5 {[%clk 00:54:48]} {[%emt 00:00:33]} 6. Be3 {[%clk 00:55:43]} {[%emt
00:00:07]} Bb4 {[%clk 00:54:34]} {[%emt 00:00:24]} 7. Nxc6 {[%clk 00:55:40]}
{[%emt 00:00:13]} bxc6 {[%clk 00:54:30]} {[%emt 00:00:15]} 8. Bd3 {[%clk
00:55:43]} {[%emt 00:00:07]} O-O {[%clk 00:53:28]} {[%emt 00:01:13]} 9. O-O
{[%clk 00:55:45]} {[%emt 00:00:07]} Re8 {[%clk 00:53:22]} {[%emt 00:00:17]} 10.
Bg5 {[%clk 00:54:52]} {[%emt 00:01:03]} d6 {[%clk 00:52:09]} {[%emt 00:01:23]}
11. f4 {[%clk 00:54:35]} {[%emt 00:00:26]} Bg4 {[%clk 00:51:25]} {[%emt
00:00:55]} 12. Bxf6 {[%clk 00:54:39]} {[%emt 00:00:05]} Qxf6 {[%clk 00:49:55]}
{[%emt 00:01:40]} 13. Qxg4 {[%clk 00:54:39]} {[%emt 00:00:10]} Bxc3 {[%clk
00:49:08]} {[%emt 00:00:58]} 14. bxc3 {[%clk 00:54:42]} {[%emt 00:00:07]} Qxc3
{[%clk 00:49:06]} {[%emt 00:00:12]} 15. Qh4 {[%clk 00:54:36]} {[%emt 00:00:13]}
h6 {[%clk 00:47:48]} {[%emt 00:01:30]} 16. f5 {[%clk 00:53:29]} {[%emt
00:01:17]} c5 {[%clk 00:46:01]} {[%emt 00:01:57]} 17. f6 {[%clk 00:52:05]}
{[%emt 00:01:34]} c4 {[%clk 00:45:31]} {[%emt 00:00:41]} 18. Qg4 {[%clk
00:50:29]} {[%emt 00:01:44]} g5 {[%clk 00:44:57]} {[%emt 00:00:45]} 19. Be2
{[%clk 00:49:31]} {[%emt 00:01:07]} Qd4+ {[%clk 00:43:59]} {[%emt 00:01:09]} 20.
Kh1 {[%clk 00:49:24]} {[%emt 00:00:17]} Rxe4 {[%clk 00:43:48]} {[%emt
00:00:21]} 21. Qh5 {[%clk 00:48:53]} {[%emt 00:00:40]} Rh4 {[%clk 00:42:52]}
{[%emt 00:01:07]} 22. Qf3 {[%clk 00:49:00]} {[%emt 00:00:03]} Qe5 {[%clk
00:42:18]} {[%emt 00:00:44]} 23. Qxa8+ {[%clk 00:48:30]} {[%emt 00:00:41]} Kh7
{[%clk 00:42:06]} {[%emt 00:00:22]} 24. h3 {[%clk 00:48:23]} {[%emt 00:00:16]}
Qxe2 {[%clk 00:40:40]} {[%emt 00:01:36]} 25. Rae1 {[%clk 00:47:58]} {[%emt
00:00:35]} Qh5 {[%clk 00:39:18]} {[%emt 00:01:31]} 26. Rf3 {[%clk 00:47:35]}
{[%emt 00:00:34]} g4 {[%clk 00:38:37]} {[%emt 00:00:51]} 27. Qe4+ {[%clk
00:46:56]} {[%emt 00:00:48]} Kg8 {[%clk 00:38:18]} {[%emt 00:00:29]} 28. Rg3
{[%clk 00:46:48]} {[%emt 00:00:18]} Kh8 {[%clk 00:35:47]} {[%emt 00:02:41]} 29.
Rxg4 {[%clk 00:46:17]} {[%emt 00:00:42]} 1-0

[Event "PK Jeugd 2020 C-Open"]
[Site "Eindhoven, Netherlands"]
[Date "????.??.??"]
[Round "3.4"]
[White "Zhang, Eric"]
[Black "van Warmerdam, Valentijn"]
[Result "0-1"]
[WhiteElo "587"]
[BlackElo "1693"]

1. e4 {[%emt 00:24:07]} e5 {[%emt 00:00:12]} 2. Nf3 {[%emt 00:00:05]} Nc6
{[%emt 00:00:18]} 3. d4 {[%emt 00:00:23]} exd4 {[%emt 00:00:05]} 4. Nxd4 {[%emt
00:00:09]} Bc5 {[%emt 00:00:07]} 5. c3 {[%emt 00:00:26]} Qf6 {[%emt 00:00:26]}
6. Be3 {[%emt 00:00:26]} Nge7 {[%emt 00:00:16]} 7. b4 {[%emt 00:00:15]} Bxd4
{[%emt 00:04:09]} 8. Bxd4 {[%emt 00:00:16]} Nxd4 {[%emt 00:00:02]} 9. cxd4
{[%emt 00:00:09]} Nc6 {[%emt 00:01:17]} 10. Nc3 {[%emt 00:01:17]} Qxd4 {[%emt
00:12:22]} 11. Qxd4 {[%emt 00:00:15]} Nxd4 {[%emt 00:00:03]} 12. Bd3 {[%emt
00:00:28]} O-O {[%emt 00:00:49]} 13. O-O {[%emt 00:01:01]} d6 {[%emt 00:02:19]}
14. Rfe1 {[%emt 00:00:30]} Re8 {[%emt 00:02:11]} 15. Nd5 {[%emt 00:00:36]} Ne6
{[%emt 00:00:37]} 16. Re3 {[%emt 00:00:33]} c6 {[%emt 00:00:15]} 17. Nc3 {[%emt
00:01:05]} b6 {[%emt 00:07:59]} 18. b5 {[%emt 00:01:15]} c5 {[%emt 00:00:55]}
19. Nd5 {[%emt 00:00:37]} Bb7 {[%emt 00:01:47]} 20. Rae1 {[%emt 00:00:28]} Kf8
{[%emt 00:14:10]} 21. f4 {[%emt 00:00:21]} Bxd5 {[%emt 00:00:50]} 22. exd5
{[%emt 00:00:18]} Nxf4 {[%emt 00:00:19]} 23. Kf2 {[%emt 00:01:41]} Nxd5 {[%emt
00:03:55]} 24. R3e2 {[%emt 00:01:16]} Nf4 {[%emt 00:00:54]} 25. Re3 {[%emt
00:00:21]} Rxe3 {[%emt 00:01:10]} 26. Rxe3 {[%emt 00:00:11]} Re8 {[%emt
00:00:43]} 27. Bxh7 {[%emt 00:00:46]} Rxe3 {[%emt 00:00:56]} 28. Kxe3 {[%emt
00:00:17]} Nd5+ {[%emt 00:00:02]} 29. Kf3 {[%emt 00:01:27]} g6 {[%emt
00:00:13]} 30. h4 {[%emt 00:05:33]} Kg7 {[%emt 00:00:05]} 31. Bxg6 {[%emt
00:00:34]} fxg6 {[%emt 00:00:03]} 0-1